Estrategía para la Conservación de la Reserva de la Biósfera Sierra de Manantlán /

Propuesta de normatividad y acciones para la conservación, manejo y desarrollo de la reserva de la Biósfera Sierra de Manantlán. El texto incluye un diagnóstico de las condiciones de la reserva, un marco teórico-conceptual y una propuesta de normatividad, asi como un proyecto de concertación para la...

Cijeli opis

Spremljeno u:
Bibliografski detalji
Glavni autor: Jardel P., Enrique J. (coord.)
Format: Knjiga
Jezik:španjolski
Izdano: Guadalajara, México : Universidad de Guadalajara, 1990
Teme:
Oznake: Dodaj oznaku
Bez oznaka, Budi prvi tko označuje ovaj zapis!

MARC

LEADER 00000nam^a2200000^a^4500
001 000026194
005 20250521000000.0
009 20260310084721.553
037 |a Acervo ITESO - Biblioteca 
041 |a ESP 
082 |a 574. 52642097235  |b JAR 
100 |a Jardel P., Enrique J.  |e (coord.) 
245 1 0 |a Estrategía para la Conservación de la Reserva de la Biósfera Sierra de Manantlán /  |c Coord. de E.J. Jardel P. 
264 1 |a Guadalajara, México :  |b Universidad de Guadalajara,  |c 1990 
300 |a 278 p. 
336 |a texto  |b txt  |2 rdacontenido 
337 |a sin mediación  |b n  |2 rdamedio 
338 |a volumen  |b nc  |2 rdasoporte 
520 |a Propuesta de normatividad y acciones para la conservación, manejo y desarrollo de la reserva de la Biósfera Sierra de Manantlán. El texto incluye un diagnóstico de las condiciones de la reserva, un marco teórico-conceptual y una propuesta de normatividad, asi como un proyecto de concertación para la implementación de la reserva como un modelo de conservación y desarrollo social y de colaboración entre grupos sociales e instituciones acádemicas y gubernamentales. 
649 |a XX 
650 |a Reserva de la Biósfera de la Sierra de Manantlán 
650 |a Manantlán (Sierra) 
650 |a Reservas Ecológicas -  |z Jalisco 
650 |a Reservas Ecológicas -  |z México 
650 |a Recursos Naturales -  |z Jalisco 
650 |a Recursos Naturales -  |z México 
650 |a Conservación y Protección Ambiental -  |z Jalisco 
650 |a Conservación y Protección Ambiental -  |z México 
650 |a Ecología 
650 |a Ciencias Naturales 
910 |a Fondo General 
920 |a Impresos - Libros 
930 |a Colección General 
905 |a 101 
901 |a 0261940100  |b IT1  |c ACC  |u 20250521 
902 |a https://opac.biblio.iteso.mx/vufind/Record/000026194